000 00380nam a22001577a 4500
020 _a9789364870061
082 _aM301
_bNAV/P
100 _aNavami Latha
245 _aPoompattavetta/
_cby Navami Latha
260 _aKottayam:
_bSedora,
_c2025.
300 _a110p.
650 _aShort Stories Malayalam
650 _aLiterature Malayalam
650 _aLiterature
942 _cBK
999 _c182016
_d182016